00676nam a22001577a 4500008004100000020001800041082001500059245021600074260004600290300002400336500002000360650006900380700002000449700002800469700002100497211013b |||||||| |||| 00| 0 eng d a9781932476392 a954.98 ARD aThe Royal History of Sikkim: A Chronicle of the House of NamgyalbAs narrated in Tibetan by Their Highness Chogyal Thutob Namgyal and Gyalmo Yeshe DolmacBased upon the Preliminary Translation by Kazi Dawasamdup aU S A :bSerinda Publications Inc.c2021. a635 p.bill,c33 p. aIncludes index. aThe Royal History of Sikkim: A Chronicle of the House of Namgyal aArdussi, John A aDenjongpa, Anna Balikci aSorensen, Per K.